00668nam a2200133Ia 45000010005000000080041000050820024000461000064000702450328001342600024004625900007004869010026004939990015005192837241024s9999 xx 000 0 und d aRD/370.71/R426s/2-3 aRepública Dominicana. Ministerio de Educación. INAFOCAM 0aSituación Actual del Personal Docente, Necesidades y Prioridades de Formación: Brechas de Formación Actual en el Sistema Educativo. Productos 2 y3. Proyecto Determinación y Priorización de Necesidades de Formación Docente por Nivel Ciclo, Área Disciplinaria y Zonas Geográficas: Visión Perspectiva al 2021 bSanto Domingoc2012 asi a4/4/2013 4:04:04 p.m. c9193d9193